000 00341nam a2200157Ia 4500
003 Ost
005 20260225132543.0
008 260225s9999||||xx |||||||||||||| ||und||
040 _cfsic
041 _afre
082 _a440
100 _aL.Boublik
_eAuteur
245 0 _aDans le feu des combats /
245 0 _cL.Boublik
942 _cكتاب
999 _c33632
_d33632